| 000 | 00709cam a2200217 a 4500 | ||
|---|---|---|---|
| 001 | 000002579 | ||
| 005 | 20200929150221.0 | ||
| 008 | 840124s1983 nq a 001 p spa | ||
| 040 |
_aDO-SdBNP _cDLC _dDLC |
||
| 082 |
_a928.6 _bU82T |
||
| 100 | 1 |
_aTirado, Manlio. _98118 |
|
| 245 | 1 | 0 |
_aConversando con José Coronel Urtecho / _cManlio Tirado. |
| 260 |
_aManagua, Nicaragua : _bNueva Nicaragua, _c1983. |
||
| 300 |
_a143 p. : _bil. ; _c19 cm. |
||
| 440 | 0 |
_aLetras de Nicaragua ; _v5 _98119 |
|
| 600 | 1 | 4 |
_aCORONEL URTECHO, JOSÉ, _y1906- _xENTREVISTA _98120 |
| 650 | 4 |
_aPoesía nicaragüense _ySIGLO XX _98121 |
|
| 650 | 4 |
_aLiteratura nicaragüense _98122 |
|
| 910 | _aCatalogación por copia / LC | ||
| 910 | _aWM | ||
| 999 |
_c2415 _d2415 |
||